000 00431nam a2200181Ia 4500
001 15884
005 20260306170228.0
008 260306t1998||||xx |||||||||||||| ||und||
041 _aESP
082 _a620.112
_bP666
100 _aPopov, Egor P.
_eAUT
245 0 _aEngineering mechanics of solids
260 _c1998
300 _axvi, 864 páginas :
_c24 cm.
650 _aGEN
654 _aCII
942 _cLIB
_dJUS
_fJUS
_2ddc
_n
999 _c15884
_d15884